000 00997 a2200289 4500
999 _c117247
_d117247
003 BJBSDDR
005 20230411090831.0
007 ta
008 101022b2016 sp ||||| |||| 00| 0 spa d
020 _a9788416227136
020 _a8416227136
040 _bspa
_cBJBSDDR
041 _aspa
050 1 4 _aHB 501
_bC334i 2016
100 1 _aCasal Lodeiro, Manuel,
_d1970-
245 1 3 _aLa izquierda ante el colapso de la civilización industrial :
_bapuntes para un debate urgente /
_cManuel Casal Lodeiro ; prólogo de Teresa Moure.
260 _aTorrejón de Ardoz, Madrid :
_bLa Oveja Roja,
_c2016.
300 _a363 pages ;
_c22 cm.
490 0 _aEnsayo (Oveja Roja)
504 _aIncludes bibliographical references.
650 4 _91787
_aCapitalismo
650 4 _91747
_aCrecimiento económico
650 4 _928035
_aDerecha e izquierda (Ciencias políticas)
_xAspectos económicos
700 1 _928036
_aMoure, Teresa,
_d1969-
_eprologuista
942 _2lcc
_cBK
946 _idpf